000 01360nac a22004337a 4500
001 BR7806472
003 BR-BrBNA
005 20240105114326.0
008 230509b bl.|||m| |||| 00| 0 por d
040 _aBR-BrBNA
_bpor
_cBiblioteca Nacional de Agricultura
072 _aM00; E70
090 _a9810 BR7806472
100 1 _aHenriques, A.
100 1 _aAmado, A.L.
100 1 _aLeite, L.W.N.
100 1 _aNunes, P.C.M.
110 1 _aPrograma de Pesquisa e Desenvolvimento Pesqueiro do Brasil, Brasilia, DF
_97975
245 1 _aPrograma do desenvolvimento da comercializacao de produtos da pesca do estado do Para [Brasil]
260 3 _aBrasilia, DF (Brasil):
_c1978.
300 _a160 p.
490 _aDocumentos Tecnicos - Programa de Pesquisa e Desenvolvimento Pesqueiro do Brasil (Brazil)
_vno. 30
_x
500 _a34 tables; 15 ref.; Summaries (En, Pt)
650 _aPEIXE
650 _aPESCA ARTESANAL
650 _aRECURSO PESQUEIRO
650 _aINDUSTRIA PESQUEIRA
650 _aPRODUCAO PESQUEIRA
650 _aMERCADO NACIONAL
650 _aMERCADO INTERNACIONAL
650 _aCONSUMO
650 _aVENDA
650 _aEQUIPAMENTO PESQUEIRO
650 _aCUSTO
650 _aRECEITA
650 _aFINANCIAMENTO
650 _aPARA
909 _a202312
_bLúcia Elande
_c55
_dLúcia Elande
942 _2AGRIS
_n0
_cMS
999 _c268688
_d268688